On This Day: October 16th Quiz Stats

 Plays Quiz Updated Oct 16, 2017

Challenge
Share
Tweet
Embed
Score 0/7 Timer 03:00
4 Plays Today
Question Answer Wrong Answers
At the height of the French Revolution, this widow of King Louis XVI is sent to the guillotine.
1793
Marie Antoinette
97.8%
Maria Theresa
0.8%
Yolande de Polastron
0.6%
Élisabeth Vigée Le Brun
0.8%
Hoping to ignite an armed slave revolt, this abolitionist leads a raid on Harpers Ferry, West Virginia.
1859
John Brown
66.3%
Frederick Douglass
17.7%
Harriet Tubman
8.9%
William Lloyd Garrison
5.4%
This American singer-songwriter, known for his song ‘Waiting on the World to Change’ among others, is born.
1977
John Mayer
58%
John Legend
26%
Jason Mraz
7.3%
Jack Johnson
6.2%
This novel by Charlotte Brontë is first published in London.
1847
Jane Eyre
51.4%
Wuthering Heights
35.6%
Pride and Prejudice
10.3%
The Tenant of Wildfell Hall
1.7%
This animation studio, now a multinational entertainment conglomerate, is founded by two brothers in Burbank, California.
1923
The Walt Disney Company
39.7%
Bullwinkle Studios
0.5%
Warner Bros. Animation
52.6%
DreamWorks Animation
4.8%
Organized by this controversial religious leader, the Million Man March takes place in Washington, D.C.
1995
Louis Farrakhan
38.6%
Jesse Jackson
37.7%
Al Sharpton
17.3%
Jeremiah Wright
3.7%
William Howard Taft and ______ hold a summit, a first between a US and a Mexican president.
1909
Porfirio Díaz
21.5%
Emiliano Zapata
39.3%
Benito Juarez
32.3%
Vicente Fox
4.9%

Today's Daily Dose

You're not logged in!

Compare scores with friends on all Sporcle quizzes.
Join for Free
OR
Log In

You Might Also Like...

Show Comments

Extras

Top Quizzes Today


Score Distribution

Your Account Isn't Verified!

In order to create a playlist on Sporcle, you need to verify the email address you used during registration. Go to your Sporcle Settings to finish the process.

Report this User

Report this user for behavior that violates our Community Guidelines.

Details: